000
00340nam a2200145Ia 4500
999
_c
108
_d
108
003
OSt
005
20230706114400.0
008
200302s9999 xx 000 0 und d
100
_a
Francis D. K. Ching
245
_a
Architecture Form-Space & Order
260
_b
Van Nostrand Reindold Company
260
_c
1979
300
_a
394
942
_2
ddc